Tatting Doilies and Edgings : (Record no. 583954)

MARC details
000 -LEADER
fixed length control field 00481nam a2200193 a 4500
008 - FIXED-LENGTH DATA ELEMENTS--GENERAL INFORMATION
fixed length control field 250826s1980##################000#0#eng##
020 ## - INTERNATIONAL STANDARD BOOK NUMBER
ISBN 9780486240510
082 04 - DEWEY DECIMAL CLASSIFICATION NUMBER
Classification number 746.436
Item number WEI
100 1# - MAIN ENTRY--AUTHOR NAME
Personal name Weiss, Rita,
245 10 - TITLE STATEMENT
Title Tatting Doilies and Edgings :
260 ## - PUBLICATION, DISTRIBUTION, ETC. (IMPRINT)
Name of publisher Courier Corporation,
Year of publication 1980.
300 ## - PHYSICAL DESCRIPTION
Number of Pages 49 pages
650 #0 - SUBJECT ADDED ENTRY--TOPICAL TERM
Topical Term Crafts & Hobbies.
942 ## - ADDED ENTRY ELEMENTS (KOHA)
Koha item type English Books
Holdings
Withdrawn status Lost status Damaged status Not for loan Home library Current library Shelving location Date acquired Full call number Accession Number Price effective from Koha item type
        Anna Centenary Library Anna Centenary Library 6TH FLOOR, B WING 26.08.2025 746.436 WEI 492500 26.08.2025 English Books
        Anna Centenary Library Anna Centenary Library 6TH FLOOR, B WING 26.08.2025 746.436 WEI 492501 26.08.2025 English Books

Find us on the map